000 00796nam a2200265Ia 4500
003 OSt
005 20221007102538.0
006 a|||||r|||| 00| 0
007 ta
008 221006b |||||||| |||| 00| 0 eng d
020 _a0195672755
024 _a10,633
037 _cReference Collections
040 _aLCO
_cLCO
_beng
041 _2eng
_aeng
082 _aVy744,M69, P6
100 _aRudolph L.I. Au.
_9704643
245 0 _aPostmodern Gandhi
_b Gandhi in the World and at Home
260 _aNew
_bDelhi Oxford University Press India
_c2006
300 _a260
650 _aPOSTMODERN GANDHI
_9704644
700 _a Rudolph S.H. Au.
_9704645
942 _hVy744,M69, P6
_cREF
999 _c1180196
_d1180196